000 00704nam a2200241 a 4500
001 33041
003 BD-RjUL
005 20211209051933.0
008 140429s1960 pk 000 0 eng d
035 _a(BD-RjUL)33131
040 _aGHS
_cGHS
_dEQO
_dBD-RjUL
_beng
041 _aeng
082 _a943.15505088245
_bAHF 1960
100 1 _aAhmad, Kurshid.
_9100401
245 1 0 _aFanaticism, intolerance and Islam /
_cby Khurshid Ahmad
250 _a2nd ed.
260 _aKarachi, Pakistan :
_bJamaat-E-Islami Publications,
_c1960.
300 _a53 p. ;
_c22 cm
650 0 _aReligious tolerance
_xIslam.
_9100402
650 0 _aIslam
_xRelations
_9100403
650 0 _aToleration
_9100404
942 _2ddc
_cBK
999 _c33041
_d33041